[Event "Senta op 25th"]
[Site "Senta"]
[Date "2021.07.22"]
[Round "7"]
[White "Farkas, Sandor I"]
[Black "Csizik, Karoly"]
[Result "1-0"]
[WhiteElo "2038"]
[BlackElo "1884"]
[PlyCount "35"]
[EventDate "2021.07.17"]
[EventType "swiss"]
[EventRounds "9"]
[EventCountry "SRB"]
[SourceTitle "EXT 2022"]
[Source "ChessBase"]
[SourceDate "2021.10.06"]
[SourceVersion "1"]
[SourceVersionDate "2021.10.06"]
[SourceQuality "1"]

1. d4 e5 2. dxe5 f6 3. e4 Nc6 4. Nf3 fxe5 5. Bc4 Nf6 6. Ng5 d5 7. exd5 Na5 8. Bd3 Qxd5 9. 0-0 Bg4 10. f3 Bc5+ 11. Kh1 Bh5 12. Nc3 Qd7 13. Qe1 Bd4 14. Nce4 Nc6 15. Bc4 h6 16. Ne6 Bf7 17. Nxg7+ Ke7 18. Qh4 1-0

[Event "Battle of Senta op 24th"]
[Site "Senta"]
[Date "2020.07.18"]
[Round "9"]
[White "Muskinja, Luka"]
[Black "Csizik, Karoly"]
[Result "0-1"]
[WhiteElo "2057"]
[BlackElo "1902"]
[PlyCount "22"]
[EventDate "2020.07.11"]
[EventType "swiss"]
[EventRounds "9"]
[EventCountry "SRB"]
[SourceTitle "CBM 197 Extra"]
[Source "ChessBase"]
[SourceDate "2020.09.30"]
[SourceVersion "1"]
[SourceVersionDate "2020.09.30"]
[SourceQuality "1"]

1. b3 e5 2. Bb2 Nc6 3. e3 d5 4. Bb5 Bd6 5. Nf3 Qf6 6. c4 Nge7 7. Qc1 a6 8. Bxc6+ Nxc6 9. c5 Be7 10. Qc3 Qg6 11. g3 Qe4 0-1

[Event "Senta City-ch"]
[Site "Senta"]
[Date "2020.02.10"]
[Round "7"]
[White "Csizik, Karoly"]
[Black "Sabo, Marko D"]
[Result "1-0"]
[WhiteElo "1913"]
[BlackElo "1432"]
[PlyCount "59"]
[EventDate "2020.01.27"]
[EventType "swiss"]
[EventRounds "9"]
[EventCountry "SRB"]
[SourceTitle "CBM 195 Extra"]
[Source "ChessBase"]
[SourceDate "2020.05.31"]
[SourceVersion "1"]
[SourceVersionDate "2020.05.31"]
[SourceQuality "1"]

1. e4 e5 2. d4 exd4 3. Qxd4 Nc6 4. Qe3 Nf6 5. e5 Ng4 6. Qe4 Ngxe5 7. f4 d5 8. Qe2 Bg4 9. Nf3 Bxf3 10. gxf3 Qh4+ 11. Kd1 0-0-0 12. fxe5 Qd4+ 13. Qd2 Qxe5 14. Bh3+ Kb8 15. Qf4 Qxf4 16. Bxf4 d4 17. Nd2 g6 18. Ne4 f5 19. Nf2 Bg7 20. Nd3 Rhe8 21. Kd2 Kc8 22. Rae1 b6 23. Bg5 Rxe1 24. Rxe1 Rf8 25. f4 Kd7 26. Bg2 Bf6 27. Bxc6+ Kxc6 28. Re6+ Kd5 29. Rxf6 Rxf6 30. Bxf6 1-0

[Event "Senta City-ch"]
[Site "Senta"]
[Date "2020.02.07"]
[Round "6"]
[White "Simonyi, Zoltan"]
[Black "Csizik, Karoly"]
[Result "1-0"]
[WhiteElo "2164"]
[BlackElo "1913"]
[PlyCount "77"]
[EventDate "2020.01.27"]
[EventType "swiss"]
[EventRounds "9"]
[EventCountry "SRB"]
[SourceTitle "CBM 195 Extra"]
[Source "ChessBase"]
[SourceDate "2020.05.31"]
[SourceVersion "1"]
[SourceVersionDate "2020.05.31"]
[SourceQuality "1"]

1. d4 Nf6 2. Nc3 d5 3. Bf4 c5 4. dxc5 Nc6 5. Nf3 Bg4 6. Nd4 e5 7. Nxc6 bxc6 8. Bxe5 Bxc5 9. Bd4 Bd6 10. Qd2 c5 11. Qe3+ Qe7 12. Bxf6 Qxe3 13. fxe3 gxf6 14. Nxd5 Be5 15. 0-0-0 Rb8 16. c3 0-0 17. g3 Rb5 18. Rd2 Rfb8 19. Bg2 Be6 20. Rc2 Kg7 21. e4 a5 22. e3 a4 23. Bf1 R5b7 24. Bc4 f5 25. exf5 Bxf5 26. Rf2 Be4 27. Rhf1 f5 28. Rd1 Kh8 29. a3 Bg7 30. Ba2 Be5 31. Nf4 Bg7 32. Ne6 Bh6 33. Nf4 Bg7 34. Bd5 Re7 35. Bxe4 Rxe4 36. Nd5 Bh6 37. Rxf5 Bxe3+ 38. Nxe3 Rxe3 39. Rd2 1-0

[Event "Senta City-ch"]
[Site "Senta"]
[Date "2020.02.05"]
[Round "5"]
[White "Csizik, Karoly"]
[Black "Molnar Gabor, Roland"]
[Result "0-1"]
[WhiteElo "1913"]
[BlackElo "1997"]
[PlyCount "96"]
[EventDate "2020.01.27"]
[EventType "swiss"]
[EventRounds "9"]
[EventCountry "SRB"]
[SourceTitle "CBM 195 Extra"]
[Source "ChessBase"]
[SourceDate "2020.05.31"]
[SourceVersion "1"]
[SourceVersionDate "2020.05.31"]
[SourceQuality "1"]

1. e4 e5 2. d4 exd4 3. Qxd4 Nc6 4. Qe3 Nf6 5. e5 Ng4 6. Qe4 d5 7. exd6+ Be6 8. Ba6 Qxd6 9. Bxb7 Qb4+ 10. Qxb4 Nxb4 11. Bxa8 Nxc2+ 12. Kd1 Nxa1 13. Nh3 Bxa2 14. Bc6+ Kd8 15. Bg5+ f6 16. Re1 Bd6 17. Nc3 Bb3+ 18. Kd2 Nc2 19. Re4 Nb4 20. Rxg4 Nxc6 21. Be3 g6 22. Nb5 f5 23. Rg5 Bb4+ 24. Nc3 Ke7 25. Rg3 Rd8+ 26. Kc1 Kf7 27. Bf4 Rd7 28. Re3 Kg7 29. Ng5 h6 30. Nf3 g5 31. Be5+ Nxe5 32. Nxe5 Rd6 33. Nf3 Bxc3 34. bxc3 Kf6 35. Nd4 Ba4 36. g3 c5 37. Nc2 Bxc2 38. Kxc2 Re6 39. Rf3 c4 40. Kb2 g4 41. Rf4 Re4 42. Ka3 Ke5 43. Kb4 Rxf4 44. gxf4+ Kd5 45. Kb5 a5 46. Kxa5 Ke4 47. Kb5 Kd3 48. Kb4 h5 0-1

[Event "Vojvodina-chT"]
[Site "Kovacica"]
[Date "2019.11.05"]
[Round "6.1"]
[White "Csizik, Karoly"]
[Black "Dedebas, Emre Emin"]
[Result "0-1"]
[WhiteElo "1903"]
[BlackElo "2345"]
[PlyCount "80"]
[EventDate "2019.11.01"]
[EventType "team-tourn"]
[EventRounds "11"]
[EventCountry "SRB"]
[SourceTitle "CBM 192 Extra"]
[Source "Chessbase"]
[SourceDate "2019.11.06"]
[SourceVersion "1"]
[SourceVersionDate "2019.11.06"]
[SourceQuality "1"]
[WhiteTeam "Senta"]
[BlackTeam "Novi Sad Vojvodina"]
[WhiteTeamCountry "SRB"]
[BlackTeamCountry "SRB"]

1. e4 e5 2. d4 exd4 3. Qxd4 Nc6 4. Qe3 Nf6 5. e5 Ng4 6. Qe4 d5 7. exd6+ Be6 8. Ba6 Na5 9. Be2 Nf6 10. Qa4+ Nc6 11. dxc7 Qxc7 12. Nc3 Bb4 13. a3 Bxc3+ 14. bxc3 Bd5 15. Nf3 Bxf3 16. Bxf3 Qe5+ 17. Be3 Qxc3+ 18. Ke2 0-0 19. Rhd1 Ne5 20. Qb3 Qa5 21. Qxb7 Rab8 22. Qxa7 Qb5+ 23. Ke1 Nxf3+ 24. gxf3 Qc6 25. Rab1 Ra8 26. Qb7 Qxc2 27. Rb3 Rfc8 28. Rbd3 h6 29. Kf1 Rab8 30. Qa6 Kh7 31. R3d2 Qc7 32. Qd6 Qb7 33. Kg1 Qxf3 34. Qf4 Qh5 35. Bd4 Ne4 36. Rd3 Rb3 37. f3 Rxd3 38. Rxd3 Ng5 39. Qg4 Qg6 40. Rb3 Nxf3+ 0-1

[Event "Vojvodina-chT"]
[Site "Kovacica"]
[Date "2019.11.04"]
[Round "5.1"]
[White "Rogac, Srdjan"]
[Black "Csizik, Karoly"]
[Result "1-0"]
[WhiteElo "2332"]
[BlackElo "1903"]
[PlyCount "49"]
[EventDate "2019.11.01"]
[EventType "team-tourn"]
[EventRounds "11"]
[EventCountry "SRB"]
[SourceTitle "CBM 192 Extra"]
[Source "Chessbase"]
[SourceDate "2019.11.06"]
[SourceVersion "1"]
[SourceVersionDate "2019.11.06"]
[SourceQuality "1"]
[WhiteTeam "Mladenovo"]
[BlackTeam "Senta"]
[WhiteTeamCountry "SRB"]
[BlackTeamCountry "SRB"]

1. Nf3 Nf6 2. c4 g6 3. b4 Bg7 4. Bb2 0-0 5. g3 b6 6. Bg2 Bb7 7. 0-0 c5 8. b5 d6 9. d3 Nbd7 10. a4 Qc7 11. Nbd2 Ne5 12. a5 Rad8 13. axb6 axb6 14. Ra7 Nxf3+ 15. Bxf3 Rb8 16. Qa4 Ra8 17. Ra1 Rxa7 18. Qxa7 Rb8 19. Bxf6 Bxf6 20. Ra6 d5 21. cxd5 Bc3 22. Nc4 Ba5 23. Nxa5 bxa5 24. d6 exd6 25. Rb6 1-0

[Event "Senta op 23rd"]
[Site "Senta"]
[Date "2019.07.20"]
[Round "2"]
[White "Kandjolas, Konstantin"]
[Black "Csizik, Karoly"]
[Result "0-1"]
[WhiteElo "1860"]
[BlackElo "1909"]
[PlyCount "66"]
[EventDate "2019.07.19"]
[EventType "swiss"]
[EventRounds "9"]
[EventCountry "SRB"]
[SourceTitle "EXT 2020"]
[Source "ChessBase"]
[SourceDate "2019.10.17"]
[SourceVersion "1"]
[SourceVersionDate "2019.10.17"]
[SourceQuality "1"]

1. d4 Nf6 2. c4 g6 3. Nc3 Bg7 4. e4 d6 5. f3 0-0 6. Be3 e5 7. d5 Nh5 8. Qd2 f5 9. exf5 gxf5 10. 0-0-0 Nd7 11. Bd3 Nc5 12. Bc2 a5 13. Nge2 Qh4 14. g4 fxg4 15. Bg5 Qf2 16. fxg4 Bxg4 17. Be3 Qf7 18. Rhg1 Bf5 19. Rdf1 Qd7 20. Bh6 Bxc2 21. Kxc2 Rxf1 22. Rxf1 Qh3 23. Rg1 Qf5+ 24. Kd1 Kh8 25. Bxg7+ Nxg7 26. Qh6 Rg8 27. Rg3 Nh5 28. Rxg8+ Kxg8 29. Ng3 Nxg3 30. hxg3 Qd3+ 31. Kc1 Qxg3 32. Qh5 Qg1+ 33. Kc2 Qg6+ 0-1

[Event "HUN-chT2 Toth 1819"]
[Site "Hungary"]
[Date "2019.03.31"]
[Round "10.9"]
[White "Hideg, Gergo Benedek"]
[Black "Csizik, Karoly"]
[Result "1/2-1/2"]
[WhiteElo "1484"]
[BlackElo "1956"]
[PlyCount "56"]
[EventDate "2018.09.23"]
[EventType "team-tourn"]
[EventRounds "11"]
[EventCountry "HUN"]
[SourceTitle "EXT 2021"]
[Source "ChessBase"]
[SourceDate "2020.10.23"]
[SourceVersion "1"]
[SourceVersionDate "2020.10.23"]
[SourceQuality "1"]
[WhiteTeam "Felegyhaza Csongrad"]
[BlackTeam "Ujszasz"]
[WhiteTeamCountry "HUN"]
[BlackTeamCountry "HUN"]

1. d4 Nf6 2. Bf4 g6 3. Nf3 Bg7 4. e3 0-0 5. h3 d5 6. c3 Nbd7 7. Be2 c5 8. Nbd2 b6 9. 0-0 Bb7 10. Re1 Ne4 11. Nxe4 dxe4 12. Nd2 e5 13. dxe5 Nxe5 14. Nc4 Qe7 15. Qd6 Qxd6 16. Nxd6 Bc6 17. Nc4 Nd3 18. Bxd3 exd3 19. Be5 f6 20. Bf4 Rfd8 21. Red1 Bf8 22. b3 Rd7 23. Rd2 Rad8 24. Rad1 g5 25. Bg3 Bb5 26. Nb2 Ba6 27. a4 c4 28. Nxc4 Bxc4 1/2-1/2

[Event "HUN-chT2 Toth 1819"]
[Site "Hungary"]
[Date "2019.02.10"]
[Round "7.10"]
[White "Csizik, Karoly"]
[Black "Gurzo, Bence Bendeguz"]
[Result "1-0"]
[WhiteElo "1956"]
[BlackElo "1587"]
[PlyCount "53"]
[EventDate "2018.09.23"]
[EventType "team-tourn"]
[EventRounds "11"]
[EventCountry "HUN"]
[SourceTitle "EXT 2021"]
[Source "ChessBase"]
[SourceDate "2020.10.23"]
[SourceVersion "1"]
[SourceVersionDate "2020.10.23"]
[SourceQuality "1"]
[WhiteTeam "Ujszasz"]
[BlackTeam "Gyula"]
[WhiteTeamCountry "HUN"]
[BlackTeamCountry "HUN"]

1. e4 c6 2. c4 g6 3. Nf3 d5 4. cxd5 cxd5 5. exd5 Qxd5 6. Nc3 Qd8 7. d4 Bg7 8. Bb5+ Bd7 9. 0-0 Nf6 10. Bf4 0-0 11. Qd2 e6 12. Rfd1 Bc6 13. Ne5 Nd5 14. Bxc6 bxc6 15. Bh6 Qd6 16. Bxg7 Kxg7 17. Ne4 Qe7 18. Rac1 Rc8 19. Qe2 f6 20. Nf3 Nd7 21. Re1 Rc7 22. g3 Re8 23. a3 h6 24. b4 N7b6 25. Rc2 g5 26. Nc5 Kf7 27. Qd3 1-0

[Event "HUN-chT2 Toth 1819"]
[Site "Hungary"]
[Date "2018.11.18"]
[Round "4.10"]
[White "Pasztorcsik, Janos"]
[Black "Csizik, Karoly"]
[Result "1/2-1/2"]
[WhiteElo "1978"]
[BlackElo "1956"]
[PlyCount "58"]
[EventDate "2018.09.23"]
[EventType "team-tourn"]
[EventRounds "11"]
[EventCountry "HUN"]
[SourceTitle "EXT 2021"]
[Source "ChessBase"]
[SourceDate "2020.10.23"]
[SourceVersion "1"]
[SourceVersionDate "2020.10.23"]
[SourceQuality "1"]
[WhiteTeam "Oroshaza"]
[BlackTeam "Ujszasz"]
[WhiteTeamCountry "HUN"]
[BlackTeamCountry "HUN"]

1. d4 f5 2. e4 fxe4 3. Nc3 Nf6 4. Bg5 g6 5. Bxf6 exf6 6. Nxe4 Bg7 7. Qd2 0-0 8. 0-0-0 d5 9. Ng3 Be6 10. h4 Nd7 11. h5 c5 12. hxg6 hxg6 13. Nf3 Bf7 14. Kb1 Rc8 15. Qf4 f5 16. Qh4 Qxh4 17. Rxh4 cxd4 18. Nxd4 a6 19. c3 Ne5 20. f3 Rfe8 21. Rh1 Re7 22. Bd3 Rce8 23. Bc2 Nc4 24. Bb3 Bf6 25. Bxc4 dxc4 26. Rd2 Bg5 27. Re2 Rxe2 28. Ngxe2 Kg7 29. Kc2 Be3 1/2-1/2

[Event "Vojvodina-chT 2nd League"]
[Site "Novi Sad"]
[Date "2018.11.14"]
[Round "8.4"]
[White "Varga, Zoltan"]
[Black "Csizik, Karoly"]
[Result "1-0"]
[WhiteElo "2444"]
[BlackElo "1932"]
[PlyCount "71"]
[EventDate "2018.11.09"]
[EventType "team-tourn"]
[EventRounds "11"]
[EventCountry "SRB"]
[SourceTitle "CBM 187 Extra"]
[Source "ChessBase"]
[SourceDate "2018.11.04"]
[SourceVersion "1"]
[SourceVersionDate "2018.11.04"]
[SourceQuality "1"]
[WhiteTeam "Backa Pacir"]
[BlackTeam "Senta"]
[WhiteTeamCountry "SRB"]
[BlackTeamCountry "SRB"]

1. d4 Nf6 2. c4 g6 3. Nc3 Bg7 4. e4 d6 5. Bg5 0-0 6. Qd2 Nbd7 7. f3 c6 8. Nh3 Qc7 9. Nf2 a6 10. Rc1 Qa5 11. Be2 b5 12. 0-0 Re8 13. a3 Rb8 14. b4 Qb6 15. Be3 Qd8 16. Rfd1 Bb7 17. Qa2 Nf8 18. e5 N6d7 19. Ng4 bxc4 20. Bxc4 d5 21. Bf1 Ne6 22. Nh6+ Kf8 23. Qf2 Qb6 24. h4 a5 25. b5 cxb5 26. Nxb5 Ba6 27. a4 Rec8 28. Rb1 Qd8 29. h5 Rb6 30. hxg6 hxg6 31. Ng4 Nc7 32. Qd2 Bxb5 33. axb5 Ra8 34. Rdc1 a4 35. Qc3 Rb7 36. Qc6 1-0

[Event "Senta op 22nd"]
[Site "Senta"]
[Date "2018.07.20"]
[Round "8"]
[White "Csizik, Karoly"]
[Black "Dikic, Veljko"]
[Result "0-1"]
[WhiteElo "1949"]
[BlackElo "2101"]
[PlyCount "58"]
[EventDate "2018.07.14"]
[EventType "swiss"]
[EventRounds "9"]
[EventCountry "SRB"]
[SourceTitle "CBM 185 Extra"]
[Source "ChessBase"]
[SourceDate "2018.07.29"]
[SourceVersion "1"]
[SourceVersionDate "2018.07.29"]
[SourceQuality "1"]

1. e4 c5 2. Nf3 Nf6 3. Nc3 Nc6 4. d4 d5 5. exd5 Nxd5 6. dxc5 Nxc3 7. Qxd8+ Nxd8 8. bxc3 f6 9. Be3 e5 10. Bb5+ Bd7 11. Bxd7+ Kxd7 12. Nd2 Ne6 13. Nb3 Be7 14. Ke2 Rhc8 15. Rhb1 Rc7 16. a4 Kc8 17. Rd1 Nxc5 18. Nxc5 Bxc5 19. Bxc5 Rxc5 20. Rd3 b6 21. Rad1 Kb7 22. Rd7+ Rc7 23. R1d5 Rac8 24. Kd3 Rxd7 25. Rxd7+ Rc7 26. Rd5 Kc6 27. Ke4 f5+ 28. Kxe5 Re7+ 29. Kd4 Re4+ 0-1

[Event "HUN-chT2 Toth 1718"]
[Site "Hungary"]
[Date "2018.03.04"]
[Round "9.8"]
[White "Solymosi, Ferenc"]
[Black "Csizik, Karoly"]
[Result "1-0"]
[WhiteElo "1942"]
[BlackElo "1982"]
[PlyCount "51"]
[EventDate "2017.09.24"]
[EventType "team-tourn"]
[EventRounds "11"]
[EventCountry "HUN"]
[SourceTitle "EXT 2021"]
[Source "ChessBase"]
[SourceDate "2020.10.23"]
[SourceVersion "1"]
[SourceVersionDate "2020.10.23"]
[SourceQuality "1"]
[WhiteTeam "Gyula"]
[BlackTeam "Ujszasz"]
[WhiteTeamCountry "HUN"]
[BlackTeamCountry "HUN"]

1. g3 Nf6 2. Bg2 g6 3. e4 d6 4. d4 Bg7 5. Ne2 0-0 6. c4 Nc6 7. Nbc3 e5 8. d5 Ne7 9. 0-0 Nh5 10. Be3 f5 11. f3 Nf6 12. Kh1 Bd7 13. c5 h6 14. Rc1 g5 15. Qb3 b6 16. cxd6 cxd6 17. Nb5 Ne8 18. Qb4 Rf6 19. Rc2 fxe4 20. fxe4 Rxf1+ 21. Bxf1 Bg4 22. h3 Bf3+ 23. Bg2 Bh5 24. g4 Bg6 25. Ng3 Nxd5 26. Qb3 1-0

[Event "HUN-chT2 Toth 1718"]
[Site "Hungary"]
[Date "2018.02.18"]
[Round "8.9"]
[White "Hideg, Ferenc Bendeguz"]
[Black "Csizik, Karoly"]
[Result "1/2-1/2"]
[WhiteElo "1704"]
[BlackElo "1982"]
[PlyCount "162"]
[EventDate "2017.09.24"]
[EventType "team-tourn"]
[EventRounds "11"]
[EventCountry "HUN"]
[SourceTitle "EXT 2021"]
[Source "ChessBase"]
[SourceDate "2020.10.23"]
[SourceVersion "1"]
[SourceVersionDate "2020.10.23"]
[SourceQuality "1"]
[WhiteTeam "Felegyhaza Csongrad"]
[BlackTeam "Ujszasz"]
[WhiteTeamCountry "HUN"]
[BlackTeamCountry "HUN"]

1. d4 Nf6 2. c4 g6 3. Nc3 Bg7 4. Nf3 0-0 5. g3 d6 6. Bg2 Nc6 7. 0-0 a6 8. Re1 Rb8 9. a4 Na5 10. b3 c5 11. Rb1 Bg4 12. h3 Bxf3 13. Bxf3 Nd7 14. Be3 Nc6 15. Bxc6 bxc6 16. Qd2 Qa5 17. Rec1 Rb7 18. dxc5 Nxc5 19. Bxc5 Qxc5 20. Ne4 Qf5 21. Qd3 Qxh3 22. c5 Rb4 23. cxd6 exd6 24. Rxc6 Rd4 25. Qf3 Qe6 26. Nc5 Qe7 27. Nxa6 Qb7 28. e3 Rd2 29. b4 h6 30. b5 Re8 31. Kg2 Re7 32. Rbc1 Qa7 33. Rc8+ Kh7 34. R8c7 Qxe3 35. Qxe3 Rxe3 36. Rxf7 Kg8 37. Rcc7 Bd4 38. Rfd7 Re8 39. Rxd6 Rxf2+ 40. Kh3 Rd2 41. Rxg6+ Kf8 42. Nc5 Rde2 43. Rxh6 Re1 44. Rhc6 Rh1+ 45. Kg4 Bxc5 46. Rxc5 Re4+ 47. Kg5 Rxa4 48. b6 Rb4 49. Kf6 Rh6+ 50. Kg5 Rhxb6 51. Rc8+ Kf7 52. R5c7+ Ke6 53. Rc6+ Kf7 54. R8c7+ Kg8 55. Kh6 Rb3 56. g4 R3b5 57. g5 Rxc6+ 58. Rxc6 Rb8 59. Kg6 Ra8 60. Kf6 Rb8 61. Ra6 Rc8 62. g6 Rf8+ 63. Kg5 Rf1 64. Ra8+ Kg7 65. Ra7+ Kg8 66. Ra8+ Kg7 67. Ra7+ Kg8 68. Ra4 Kg7 69. Ra7+ Kg8 70. Kh6 Rh1+ 71. Kg5 Rf1 72. Kh6 Rh1+ 73. Kg5 Rf1 74. Kg4 Rg1+ 75. Kf5 Rf1+ 76. Ke5 Re1+ 77. Kf4 Rf1+ 78. Ke4 Re1+ 79. Kf3 Rg1 80. g7 Rxg7 81. Rxg7+ Kxg7 1/2-1/2

[Event "Senta op 21st"]
[Site "Senta"]
[Date "2017.07.29"]
[Round "6"]
[White "Csizik, Karoly"]
[Black "Korosi, Nandor"]
[Result "0-1"]
[WhiteElo "2041"]
[BlackElo "1695"]
[PlyCount "86"]
[EventDate "2017.07.24"]
[EventType "swiss"]
[EventRounds "9"]
[EventCountry "SRB"]
[SourceTitle "CBM 179 Extra"]
[Source "ChessBase"]
[SourceDate "2017.08.23"]
[SourceVersion "1"]
[SourceVersionDate "2017.08.23"]
[SourceQuality "1"]

1. e4 e5 2. Nf3 d6 3. d4 exd4 4. Nxd4 Nf6 5. Nc3 a6 6. Be2 Bd7 7. 0-0 Nc6 8. Be3 Be7 9. f4 0-0 10. Bf3 Nxd4 11. Bxd4 c5 12. Bf2 Bc6 13. e5 Ne8 14. Nd5 Bxd5 15. Bxd5 Qc7 16. Qh5 g6 17. Qe2 Rd8 18. c4 Kh8 19. Rae1 Ng7 20. g4 b6 21. Bg3 f5 22. h3 h5 23. Kg2 Kh7 24. b3 Rde8 25. gxf5 Nxf5 26. Qd3 Bh4 27. Bxh4 Nxh4+ 28. Kh1 dxe5 29. Rxe5 Rxe5 30. fxe5 Rxf1+ 31. Qxf1 Qxe5 32. Qf7+ Qg7 33. Qe6 Qa1+ 34. Kh2 Qxa2+ 35. Kg3 Nf5+ 36. Kf4 Qh2+ 37. Kg5 Qg1+ 38. Kf6 Qd4+ 39. Kf7 Qg7+ 40. Ke8 Kh6 41. Be4 Kg5 42. Bxf5 gxf5 43. Qxb6 Qg6+ 0-1

[Event "Senta op 21st"]
[Site "Senta"]
[Date "2017.07.26"]
[Round "3"]
[White "Shanya, Mishra"]
[Black "Csizik, Karoly"]
[Result "1-0"]
[WhiteElo "1779"]
[BlackElo "2041"]
[PlyCount "65"]
[EventDate "2017.07.24"]
[EventType "swiss"]
[EventRounds "9"]
[EventCountry "SRB"]
[SourceTitle "CBM 179 Extra"]
[Source "ChessBase"]
[SourceDate "2017.08.23"]
[SourceVersion "1"]
[SourceVersionDate "2017.08.23"]
[SourceQuality "1"]

1. d4 Nf6 2. c4 g6 3. Nc3 Bg7 4. e4 d6 5. Be2 0-0 6. Nf3 e5 7. 0-0 Nbd7 8. d5 a5 9. Qc2 Nc5 10. Bg5 h6 11. Be3 Nfd7 12. Nd2 f5 13. f3 f4 14. Bf2 g5 15. b3 h5 16. h3 Nf6 17. a3 g4 18. fxg4 hxg4 19. hxg4 Bxg4 20. Bh4 Bxe2 21. Nxe2 Qe8 22. Bxf6 Bxf6 23. b4 Nd7 24. c5 dxc5 25. bxc5 Be7 26. d6 cxd6 27. c6 bxc6 28. Qxc6 Nf6 29. Qxe8 Rfxe8 30. g3 fxg3 31. Nxg3 d5 32. Kh1 Bc5 33. Rxf6 1-0

[Event "Senta op 21st"]
[Site "Senta"]
[Date "2017.07.24"]
[Round "1"]
[White "Farkas, Istvan"]
[Black "Csizik, Karoly"]
[Result "0-1"]
[WhiteElo "1583"]
[BlackElo "2041"]
[PlyCount "62"]
[EventDate "2017.07.24"]
[EventType "swiss"]
[EventRounds "9"]
[EventCountry "SRB"]
[SourceTitle "CBM 179 Extra"]
[Source "ChessBase"]
[SourceDate "2017.08.23"]
[SourceVersion "1"]
[SourceVersionDate "2017.08.23"]
[SourceQuality "1"]

1. Nf3 Nf6 2. g3 g6 3. Bg2 Bg7 4. 0-0 0-0 5. d3 d6 6. Nbd2 e5 7. c4 Nc6 8. h4 Bf5 9. Nh2 Qd7 10. e4 Bh3 11. f4 Nd4 12. Ndf3 Nxf3+ 13. Qxf3 Bxg2 14. Kxg2 exf4 15. gxf4 b5 16. f5 bxc4 17. dxc4 Rae8 18. Ng4 Kh8 19. h5 Nxg4 20. Qxg4 gxf5 21. Rxf5 Rg8 22. Kf3 Be5 23. Bg5 f6 24. Rg1 fxg5 25. Qg2 Ref8 26. Ke3 Rxf5 27. exf5 Qxf5 28. Rf1 Bf4+ 29. Ke2 Re8+ 30. Kf2 Bh2+ 31. Qf3 Qc2+ 0-1

[Event "HUN-chT2 Toth 1617"]
[Site "Hungary"]
[Date "2017.03.12"]
[Round "10.9"]
[White "Csizik, Karoly"]
[Black "Perdi, Zsombor"]
[Result "1-0"]
[WhiteElo "2055"]
[BlackElo "1761"]
[PlyCount "101"]
[EventDate "2016.09.25"]
[EventType "team-tourn"]
[EventRounds "11"]
[EventCountry "HUN"]
[SourceTitle "EXT 2021"]
[Source "ChessBase"]
[SourceDate "2020.10.23"]
[SourceVersion "1"]
[SourceVersionDate "2020.10.23"]
[SourceQuality "1"]
[WhiteTeam "Ujszasz"]
[BlackTeam "Bekes"]
[WhiteTeamCountry "HUN"]
[BlackTeamCountry "HUN"]

1. e4 b6 2. d4 g6 3. Nf3 Bg7 4. Nc3 d6 5. Be2 e6 6. 0-0 Ne7 7. Be3 0-0 8. Qd2 Re8 9. Rad1 Ba6 10. Rfe1 Qc8 11. d5 e5 12. Bh6 Bxe2 13. Rxe2 f5 14. Bxg7 Kxg7 15. Ng5 fxe4 16. Rxe4 a6 17. Ne6+ Kh8 18. Qg5 Nxd5 19. Rxe5 Rxe6 20. Rxe6 Qxe6 21. Nxd5 Nd7 22. Qd2 Rf8 23. Re1 Qf5 24. Qc3+ Nf6 25. Nxf6 Qxf6 26. Qxf6+ Rxf6 27. Re7 c6 28. Rb7 Re6 29. Kf1 b5 30. Rb6 d5 31. Rxa6 Kg7 32. b3 Kf6 33. a4 Ke5 34. axb5 cxb5 35. Rxe6+ Kxe6 36. Ke2 Ke5 37. Ke3 d4+ 38. Kd3 Kd5 39. f4 h6 40. g4 h5 41. gxh5 gxh5 42. b4 h4 43. h3 Ke6 44. Kxd4 Kf5 45. Ke3 Kf6 46. Ke4 Ke6 47. f5+ Kf6 48. Kf4 Kf7 49. Kg5 Kg7 50. Kxh4 Kf6 51. Kg4 1-0

[Event "Senta-ch"]
[Site "Senta"]
[Date "2017.02.17"]
[Round "7"]
[White "Kecskemeti, Arpad"]
[Black "Csizik, Karoly"]
[Result "1-0"]
[WhiteElo "2215"]
[BlackElo "2024"]
[PlyCount "73"]
[EventDate "2017.01.20"]
[EventType "swiss"]
[EventRounds "9"]
[EventCountry "SRB"]
[SourceTitle "EXT 2018"]
[Source "ChessBase"]
[SourceDate "2017.10.13"]
[SourceVersion "1"]
[SourceVersionDate "2017.10.13"]
[SourceQuality "1"]

1. e4 e5 2. Nf3 Nc6 3. Bb5 a6 4. Ba4 Nf6 5. 0-0 Be7 6. Re1 b5 7. Bb3 0-0 8. d4 d6 9. c3 Bg4 10. Be3 Na5 11. Bc2 Nc4 12. Bc1 c5 13. b3 Nb6 14. dxe5 Bxf3 15. Qxf3 dxe5 16. Qg3 Qc7 17. Bh6 Ne8 18. Nd2 Kh8 19. Be3 Nd7 20. Rad1 Nef6 21. Nf3 Rfe8 22. Rd2 Rad8 23. Red1 Qb8 24. Ng5 Kg8 25. f4 Qc7 26. Nf3 exf4 27. Bxf4 Qc6 28. e5 Nh5 29. Bxh7+ Kf8 30. Qg4 Nxf4 31. Qxf4 Nb6 32. Be4 Qc7 33. Qg4 Rxd2 34. Rxd2 Rd8 35. Qh5 Ke8 36. e6 Bf8 37. Bc6+ 1-0

[Event "Senta-ch"]
[Site "Senta"]
[Date "2017.02.05"]
[Round "6"]
[White "Nagy, Attila"]
[Black "Csizik, Karoly"]
[Result "1/2-1/2"]
[WhiteElo "2179"]
[BlackElo "2024"]
[PlyCount "95"]
[EventDate "2017.01.20"]
[EventType "swiss"]
[EventRounds "9"]
[EventCountry "SRB"]
[SourceTitle "EXT 2018"]
[Source "ChessBase"]
[SourceDate "2017.10.13"]
[SourceVersion "1"]
[SourceVersionDate "2017.10.13"]
[SourceQuality "1"]

1. e4 c5 2. Nf3 Nc6 3. Bb5 d6 4. 0-0 Bd7 5. Re1 Nd4 6. Bxd7+ Qxd7 7. Nxd4 cxd4 8. c3 dxc3 9. Nxc3 Nf6 10. d4 e6 11. Qb3 Be7 12. e5 dxe5 13. dxe5 Nd5 14. Nxd5 Qxd5 15. Qg3 0-0-0 16. Be3 Kb8 17. Qg4 h5 18. Qa4 b6 19. Red1 Qb7 20. Qf4 Rxd1+ 21. Rxd1 Rd8 22. Rc1 Bf8 23. Qg5 Qd5 24. Qxh5 g6 25. Qf3 Qxf3 26. gxf3 Kb7 27. Kf1 Rd5 28. f4 Be7 29. Ke2 Rd8 30. Kf3 Rh8 31. Kg3 Bh4+ 32. Kg2 Be7 33. h3 Rd8 34. Rc2 Rh8 35. f3 Rd8 36. Bf2 Rh8 37. Bg3 Rd8 38. h4 Rd3 39. f5 gxf5 40. h5 Bg5 41. f4 Bh6 42. Rf2 Rd4 43. Kf3 Rd3+ 44. Kg2 Rd4 45. b3 b5 46. Kf3 Rd3+ 47. Kg2 Rd4 48. Kf3 1/2-1/2